Multiplex immunophenotyping of human acute myeloid leukemia patients revealed single -cell heterogeneity with special attention on therapy sensitive and therapy resistant subpopulations

Elmentve itt :
Bibliográfiai részletek
Szerzők: Gémes Nikolett
Rónaszéki Benedek
Modok Szabolcs
Borbényi Zita
Földesi Imre
Trucza Éva Gabriella
Godza Blanka
László Zsuzsanna
Csernus Balázs
Krenács László
Bagdi Enikő
Szabó Enikő
Puskás László
Bertagnolo Valeria
Szebeni Gábor
Dokumentumtípus: Cikk
Megjelent: 2025
Sorozat:FRONTIERS IN IMMUNOLOGY 16
Tárgyszavak:
doi:10.3389/fimmu.2025.1563386

mtmt:36099827
Online Access:http://publicatio.bibl.u-szeged.hu/36664
LEADER 01324nab a2200373 i 4500
001 publ36664
005 20250506124723.0
008 250506s2025 hu o 000 eng d
022 |a 1664-3224 
024 7 |a 10.3389/fimmu.2025.1563386  |2 doi 
024 7 |a 36099827  |2 mtmt 
040 |a SZTE Publicatio Repozitórium  |b hun 
041 |a eng 
100 1 |a Gémes Nikolett 
245 1 0 |a Multiplex immunophenotyping of human acute myeloid leukemia patients revealed single -cell heterogeneity with special attention on therapy sensitive and therapy resistant subpopulations  |h [elektronikus dokumentum] /  |c  Gémes Nikolett 
260 |c 2025 
300 |a 14 
490 0 |a FRONTIERS IN IMMUNOLOGY  |v 16 
650 4 |a Klinikai orvostan 
700 0 1 |a Rónaszéki Benedek  |e aut 
700 0 1 |a Modok Szabolcs  |e aut 
700 0 1 |a Borbényi Zita  |e aut 
700 0 1 |a Földesi Imre  |e aut 
700 0 1 |a Trucza Éva Gabriella  |e aut 
700 0 1 |a Godza Blanka  |e aut 
700 0 1 |a László Zsuzsanna  |e aut 
700 0 1 |a Csernus Balázs  |e aut 
700 0 1 |a Krenács László  |e aut 
700 0 1 |a Bagdi Enikő  |e aut 
700 0 1 |a Szabó Enikő  |e aut 
700 0 1 |a Puskás László  |e aut 
700 0 1 |a Bertagnolo Valeria  |e aut 
700 0 1 |a Szebeni Gábor  |e aut 
856 4 0 |u http://publicatio.bibl.u-szeged.hu/36664/1/Gemes2025.pdf  |z Dokumentum-elérés